| 000 | 00330nam a22001217a 4500 | ||
|---|---|---|---|
| 020 | _a9780241363638 | ||
| 082 |
_a910.9 _bJOU |
||
| 245 |
_aJourney: _bAn Illustrated History of the World's Greatest Travels / |
||
| 260 |
_aLondon : _bPenguin Random House, _c2022. |
||
| 300 |
_a360 p. ; _c26 cm. |
||
| 563 | _aHBK. | ||
| 942 |
_2ddc _cBK |
||
| 999 |
_c590479 _d590479 |
||